000 00571 a2200205 4500
999 _c11134
_d11134
020 _a1259572439
050 _aRA440
_bCON 2015
110 _aPalm Beach State College
245 _aContemporary issues in healthy.
264 _aAmerica :
_bMc GrawHill,
_c2015
300 _a260 pages
_billustrations
336 _2rdacontent
_atext
_btxt
337 _2rdamedia
_aunmediated
_bn
338 _2rdacarrier
_avolume
_bnc
500 _aIncludes index.
650 _aHealthy
650 _aDrugs and healthy
650 _aNutritional healthy
942 _2lcc
_cBK
_h440
_iCON
_kRA